000 00943nam a22002417a 4500
008 240606b mp ||||| |||| 00| 0 mon d
020 _a978-99929-4-715-2
035 _a19070
040 _aBUL0163080
_bmon
_cMN-UlNLM
_dMN-UlNLM
_erda
041 _amon
042 _a32762
084 _2NNA
_a84 /4Ита/
_bК 60
100 _aКоллоди К.
245 0 _aПиноккио модон хүүгийн үлгэр
264 _aУлаанбаатар
_b"Соёмбо пресс"хэвлэлийн г
_c2010
300 _a190 х.
336 _2rdacontent
_atext
_btxt
337 _2rdamedia
_aunmediated
_bn
338 _2rdacarrier
_avolume
_bnc
490 _v47
650 _aОдоогоос 150 гаруй жилийн тэртээ урт хамарт дүрсгүй модон хүүхэлдэй Пиноккиагийн тухай зохиол бичсэн хүнийг Карло Коллоди гэдэг ...
942 _2NNA
_cBK
999 _c857162
_d857219